000 00524nam a2200133Ia 4500
008 100328s9999 xx 000 0 und d
082 _b3134
100 _aगांधी महात्मा
245 _aसत्याग्रह क्यों कब और कैसे
260 _bउपायाय मार्तएड
630 _aसत्याग्रह क्यों कब और कैसे
730 _aसत्याग्रह क्यों कब और कैसे
942 _cBOOK
999 _c499286
_d499283